000 00302nam a22001337a 4500
008 170130b xxu||||| |||| 00| 0 eng d
020 _a9781899066551
041 _aeng
080 _a61
100 _a3
101 _aSHMI
245 _aHEADACHE IN CLINICAL PRACTICE
_cSILBERSTEIN, S.D
942 _2udc
_cBK
999 _c3980
_d3980